La réponse commence par F - Statistiques

Statistiques générales
  • Ce quiz a été pris 1 560 fois
  • Le résultat moyen est 15 sur 20
Statistiques - réponses
Indices Réponses % Correct
Jean de La Fontaine en a écrit beaucoup Fable
99%
Pomme de terre coupée en bâtonnets et cuite dans l'huile Frite
99%
Cinq en anglais Five
98%
Cela peut être un fruit ou un outil du dentiste Fraise
96%
Sport automobile pratiqué au plus haut niveau par Jim Clark, Gilles Villeneuve et David Coulthard Formule 1
94%
Jeu télévisé se déroulant dans une fortification entourée d'eau Fort Boyard
94%
Constructeur automobile américain créé en 1903 Ford
92%
Pays ayant remporté le concours Eurovision de la chanson en 2006 grâce à un groupe de Heavy Metal Finlande
91%
Artiste se déplaçant sur un fil tendu Funambule
88%
Petit renard au grandes oreilles vivant dans les zones désertiques d'Afrique du Nord Fennec
85%
Unité de mesure de la température au États-Unis Fahrenheit
84%
Unité monétaire de la Belgique avant le passage à l'Euro Franc
78%
Gauloise dont Obélix est amoureux Falbala
74%
Jeu en ligne de type Battle Royale développé par Epic Game Fortnite
68%
Moyen de transport sur rail adapté aux fortes pentes Funiculaire
60%
Passage d'un corps de l'état solide à l'état liquide Fusion
55%
Acteur français ayant incarné un prisonnier accompagné d'une vache Fernandel
45%
Série de jeux vidéo dévelopée par Square Enix Final Fantasy
41%
Titre québécois du film Scary Movie Film de peur
16%
Plus long fleuve de Colombie-Britannique Fraser
5%
Aucun quiz correspondant
Distribution des résultats
% des personnes avec chaque résultat
Percentile par nombre de réponses
Votre historique - résultats
Vous n’avez pas pris ce quiz